| 000 | 01008nam0a22002891 4500 | ||
|---|---|---|---|
| 001 | rc\2381425 | ||
| 005 | 20250623101747.0 | ||
| 035 | _a(NLR Aleph) 006717588 | ||
| 090 |
_a5409091 _c5409091 |
||
| 100 | _a20110829d1978 |||y0rusy50 ca | ||
| 101 | 0 | _arus | |
| 102 | _aRU | ||
| 105 | _ay z ||||| | ||
| 200 | 1 |
_aУчет себестоимости в управлении производством _f[Новиченко П.П., Рендухов И.М., Тимошенко С.С. и др.] |
|
| 210 |
_aМосква _cФинансы _d1978 |
||
| 215 |
_a126 с. _d20 |
||
| 606 |
_aСебестоимость в промышленности _xУчет _2psbo |
||
| 701 | 1 |
_aРендухов _bИ.М. |
|
| 701 | 1 |
_aТимошенко _bС.С. |
|
| 701 | 1 |
_aНовиченко _bП.П. _gПетр Парамонович |
|
| 801 | 0 |
_aRU _bNLR _gpsbo |
|
| 801 | 1 |
_aRU _bELAR _2rusmarc |
|
| 852 |
_aNLR _j78-3/4003 |
||
| 899 |
_aRuMoRGB _jБ 78-21/440 |
||
| 899 |
_aRuMoRGB _jБ 78-21/441 |
||
| 942 | _cBOOK | ||
| 980 | _aNB | ||